ბათუმის შოთა რუსთაველის სახელმწიფო უნივერსიტეტის ბიბლიოთეკა

ცისკარი. (ბიბ.ჩანაწერი № 48341)

000 -LEADER
fixed length control field 00550nam a2200205Ia 4500
001 - CONTROL NUMBER
control field 15229
003 - CONTROL NUMBER IDENTIFIER
control field GE_BSU
008 - FIXED-LENGTH DATA ELEMENTS--GENERAL INFORMATION
fixed length control field 181216s||||||||xx |||||||||||||| ||und||
040 ## - CATALOGING SOURCE
Transcribing agency GE_BSU
080 ## - UNIVERSAL DECIMAL CLASSIFICATION NUMBER
Universal Decimal Classification number 821.353.1-31
100 ## - MAIN ENTRY--PERSONAL NAME
Personal name შენგელაია,დემნა
245 ## - TITLE STATEMENT
Title ცისკარი.
245 ## - TITLE STATEMENT
Statement of responsibility, etc. რედ.დ.ბენაშვილი
260 ## - PUBLICATION, DISTRIBUTION, ETC.
Place of publication, distribution, etc. თბილისი
260 ## - PUBLICATION, DISTRIBUTION, ETC.
Name of publisher, distributor, etc. ფედერაცია
260 ## - PUBLICATION, DISTRIBUTION, ETC.
Date of publication, distribution, etc. 1940
300 ## - PHYSICAL DESCRIPTION
Extent 142გვ.23სმ.
653 ## - INDEX TERM--UNCONTROLLED
Uncontrolled term ცისკარი
942 ## - ADDED ENTRY ELEMENTS (KOHA)
Koha item type წიგნი
ეგზემპლარები
Withdrawn status Lost status Damaged status Not for loan Date acquired Barcode Date last seen Price effective from Koha item type
        2018-12-17 38228 2018-12-17 2018-12-17 წიგნი
        2018-12-17 38229 2018-12-17 2018-12-17 წიგნი
        2018-12-17 38230 2018-12-17 2018-12-17 წიგნი
        2018-12-17 38231 2018-12-17 2018-12-17 წიგნი
        2018-12-17 38232 2018-12-17 2018-12-17 წიგნი
        2018-12-17 38233 2018-12-17 2018-12-17 წიგნი
        2018-12-17 38234 2018-12-17 2018-12-17 წიგნი
        2018-12-17 38235 2018-12-17 2018-12-17 წიგნი
        2018-12-17 38236 2018-12-17 2018-12-17 წიგნი